000 01548cam a22004694i 4500
003 PE-LiUPU
005 20250731173537.0
008 150616s r 000 0 d
020 _a0687272971
035 _a(Sirsi) i9780687272976
040 _aPE-LiUPU
_bspa
_cPE-LiUPU
_erda
049 _aPRUA
082 0 4 _a253
_bS31M
_221
100 1 _aSchaller, Lyle E.,
_eautor.
245 1 4 _aThe Multiple Staff and the Larger Church.
264 1 _aNashville, Tennessee :
_bAbingdon Press,
_c1980.
300 _a142 páginas ;
_c21 centímetros
336 _atext
_2rdacontent
337 _aunmediated
_2rdamedia
338 _avolume
_2rdacarrier
504 _aBibliografía: páginas 140-142.
505 0 _aThe large church.- Staffing the large church.- Models of staff relationships.- The senior minister.
526 _aSEG42
526 _aSEG41
526 _aSEG40
526 _aSEG39
526 _aP94
526 _aP87
526 _aP86
526 _aP85
526 _aP77
526 _aP76
526 _aP35
650 0 4 _aGRANDES IGLESIAS.
910 _ajck
_bjvq
_cjck
942 _2ddc
_cBOOK
949 _a253 S31M
_wDEWEY
_c1
_i42479
_lCCODEBUL1
_mBUL
_r0
_sY
_tBOOK
_u2015-6-16
_xTEOLOGIA
_zUNKNOWN
_0COMPRA
_o.STAFF. Colección General
994 _aC0
_bPEPRU
596 _a1
999 _a253 S31M
_wDEWEY
_c60312
_i42479
_f2021-11-10
_g5
_lCCODEBUL1
_mBUL
_r0
_sY
_tBOOK
_u2015-6-16
_xTEOLOGIA
_zUNKNOWN
_0COMPRA
_o.STAFF. Colección General
_d60312
980 _81
_gALBERTO SANCHEZ Responsable de Automatización